000 00512nam a22001817a 4500
999 _c40920
_d40920
003 OSt
005 20201231122041.0
008 201231b ||||| |||| 00| 0 eng d
020 _a9788182676350
040 _coclc
082 _a894.812301
_bIND/A
100 _aIndugopan, G R
245 _aAmminippilla Vettukes /
_cG R Indugopan
250 _a2nd Ed.
260 _aKozhikode:
_bMathrubhumi Books,
_c2018.
300 _a102p
942 _cBK
_2ddc
_h894.812301
_iIND/A
_k894.812301
_mIND/A